000 00708nam a2200205 i 4500
001 83670
003 ES-MaACL
005 20250912063046.0
007 t|
008 041118s1964 sp ||||1| eng d
100 1 _aDíaz de la Jara, Jorge,
_d1934-
_9173700
245 1 4 _aThe city /
_cJorge de la Jara ; [english translation, Marilyn Johnson Landstreet ; drawings, Anthony John Sorce].
260 _aMadrid :
_bMagical,
_c[1964]
300 _a163 p. :
_bil. ;
_c21 cm.
505 8 _aContiene: En la acera ; El perro ; Heildelberg
700 1 _aLandstreet, Marilyn Johnson.
_969982
700 1 _aSorce, Anthony John.
_9107327
852 _aES-MaACL
_jC-30236
_bR.59844
999 _c83670
_d83670